| 000 | 00695aam a2200289 4500 | ||
|---|---|---|---|
| 005 | 20260310191545.0 | ||
| 008 | 150227b2012 xxu||||| |||| 00| 0 eng d | ||
| 020 | _a9788434401655 | ||
| 041 | _aESP | ||
| 082 | _a364.152.32 G241p2 | ||
| 100 | _aGarrido Genovés, Vicente | ||
| 245 | _aPerfiles criminales | ||
| 250 | _a2 edición | ||
| 260 | _aEspaña | ||
| 260 | _bPlaneta | ||
| 260 | _c2012 | ||
| 300 | _a444 páginas | ||
| 490 | _aInvestigación Criminal | ||
| 650 | _aCRIMINOLOGÍA | ||
| 650 | _aANTISOCIALES | ||
| 650 | _aPSICOPATAS | ||
| 650 | _aPERFILES CRIMINALES | ||
| 650 | _aASESINOS EN SERIE | ||
| 650 | _aVIOLACIÓN | ||
| 650 | _aSECUESTRO | ||
| 942 |
_cBK _2ddc |
||
| 999 |
_c3628 _d3628 |
||